Top 20 des meilleures series TV de tous les temps - Statistiques

Statistiques générales
  • Ce quiz a été pris 1 022 fois
  • Le résultat moyen est 5 sur 20
Statistiques - réponses
# series % Correct
1 Breaking Bad
85%
2 Game Of Thrones
66%
18 The Walking Dead
52%
4 Friends
50%
7 Stranger Things
42%
3 Les Soprano
20%
17 Lost
20%
11 Better Call Saul
17%
20 Dexter
16%
9 The Office
16%
5 The Wire
15%
16 Narcos
13%
6 Les Simpson
12%
13 Chernobyl
9%
10 Black Mirror
7%
8 Sherlock
7%
19 House Of Cards
6%
14 The Crown
5%
12 Fargo
2%
15 Westworld
2%
Aucun quiz correspondant
Distribution des résultats
% des personnes avec chaque résultat
Percentile par nombre de réponses
Votre historique - résultats
Vous n’avez pas pris ce quiz